000 00793nab a2200241 u 4500
001 11276
003 HDC
007 cr bn ---aaaaa
008 210206c9999 |r|noo 0 a eng d
040 _aHDC
110 _aIslamic Republic News Agency [EN]
245 0 _aIran's share in halal market meager
260 _a[no place] :
_b[publisher not identified],
_c[no year]
336 _atext
_2rdacontent
337 _acomputer
_2rdamedia
338 _aonline resource
_2rdacarrier
650 _ahalal food
_950
650 _ahalal market
_zIran
_911568
856 _zRequest full-text at [email protected]
942 _2lcc
942 _cNEWS
942 _kNWSO 001292
999 _c8599
_d8599